| 000 | 00455nam a2200169 a 4500 | ||
|---|---|---|---|
| 005 | 20140412111425.0 | ||
| 008 | 080221s19uu xx 00 eng d | ||
| 020 | _a0-7329-6250-1 | ||
| 050 |
_aM 636.2 _bM59 2000 |
||
| 100 | _aMiles, Annie | ||
| 245 |
_aFrom cow to milk carton / _cAnnie Miles. |
||
| 260 |
_aHongkong : _bMacmillan, _c2000. |
||
| 300 | _a16p. | ||
| 500 | _aIncludes glossary. | ||
| 650 |
_aCows _xJuvenile literature |
||
| 999 |
_c106186 _d106186 |
||